[Event "Catarinense-ch"]
[Site "Concordia"]
[Date "2025.03.02"]
[Round "6"]
[White "Albiero, Marco Antonio Batis"]
[Black "Silva, Joao Pedro Fermiano"]
[Result "1/2-1/2"]
[WhiteElo "1797"]
[BlackElo "1598"]
[PlyCount "62"]
[EventDate "2025.02.28"]
[EventType "swiss"]
[EventRounds "6"]
[EventCountry "BRA"]
[SourceTitle "CB10_2025"]
[SourceDate "2025.03.05"]
[SourceVersion "1"]
[SourceVersionDate "2025.03.05"]
[SourceQuality "1"]

1. e4 c5 2. Nf3 d6 3. d4 cxd4 4. Nxd4 Nf6 5. Nc3 a6 6. Be2 e5 7. Nb3 Be6 8. 0-0 Be7 9. f4 Qc7 10. Qe1 b5 11. a3 Nbd7 12. Qg3 Bxb3 13. cxb3 Nc5 14. fxe5 dxe5 15. b4 Ne6 16. Be3 0-0 17. Rac1 Qb8 18. Nd5 Nxd5 19. exd5 Nd4 20. Bd3 e4 21. Qxb8 Raxb8 22. Bxd4 exd3 23. Rc7 Bg5 24. d6 d2 25. d7 Bf4 26. Ra7 Ra8 27. Rxa8 Rxa8 28. g3 Rd8 29. gxf4 Rxd7 30. Kf2 Rxd4 31. Ke2 f5 1/2-1/2

[Event "Joacaba op 2nd"]
[Site "Joacaba"]
[Date "2023.07.02"]
[Round "6"]
[White "Lessa, Francisco Adilio"]
[Black "Silva, Joao Pedro Fermiano"]
[Result "0-1"]
[WhiteElo "1336"]
[BlackElo "1755"]
[PlyCount "55"]
[EventDate "2023.06.30"]
[EventType "swiss"]
[EventRounds "6"]
[EventCountry "BRA"]
[SourceTitle "CBM 215 Extra"]
[Source "ChessBase"]
[SourceDate "2023.09.30"]
[SourceVersion "1"]
[SourceVersionDate "2023.09.30"]
[SourceQuality "1"]

1. e4 e5 2. Nf3 Nc6 3. Bc4 Bc5 4. 0-0 Nf6 5. d4 Bxd4 6. Nxd4 Nxd4 7. Nc3 d6 8. Bg5 c6 9. Kh1 Be6 10. Bxe6 Nxe6 11. Bxf6 Qxf6 12. Qxd6 Rd8 13. Qb4 Qe7 14. Qa5 Qc5 15. Qxc5 Nxc5 16. Rad1 Ke7 17. b4 Ne6 18. Ne2 Ng5 19. Ng3 g6 20. c4 Rxd1 21. Rxd1 Rd8 22. Rxd8 Kxd8 23. h4 Ne6 24. Ne2 Nf4 25. Nxf4 exf4 26. Kh2 Ke7 27. Kh3 Ke6 28. Kg4 0-1